[Event "ICS rated blitz match"]
[Site "204.178.125.65"]
[Date "1999.10.14"]
[Round "?"]
[White "Hossa"]
[Black "Florina"]
[Result "1-0"]
[WhiteElo "2409"]
[BlackElo "2203"]
[PlyCount "73"]
[EventDate "1999.??.??"]

1. e4 d5 2. e5 c5 3. c3 Nc6 4. d4 cxd4 5. cxd4 Qb6 6. Ne2 Bg4 7. f3 Bh5 8. Nbc3
e6 9. Na4 Qc7 10. Nf4 Bg6 11. Nxg6 hxg6 12. Be2 Bb4+ 13. Kf2 Nge7 14. a3 Ba5
15. b4 Bb6 16. Bb5 Nf5 17. Nc5 a6 18. Ba4 Bxc5 19. bxc5 b5 20. cxb6 Qxb6 21.
Be3 O-O 22. Rb1 Qc7 23. Rc1 Nfe7 24. Re1 Rac8 25. Kg1 Qa5 26. Rc5 Qb6 27. Qc2
Na5 28. Rxc8 Rxc8 29. Rb1 Qc7 30. Qxc7 Rxc7 31. Bg5 Nf5 32. Bd8 Rb7 33. Rxb7
Nxb7 34. Bb6 Ne7 35. Bd7 Kf8 36. h4 a5 37. Bc7 {Florina resigns} 1-0

[Event "ICS rated blitz match"]
[Site "204.178.125.65"]
[Date "1999.10.05"]
[Round "?"]
[White "Hossa"]
[Black "Florina"]
[Result "1-0"]
[WhiteElo "2416"]
[BlackElo "2306"]
[PlyCount "46"]
[EventDate "1999.??.??"]

1. d4 Nf6 2. c4 c5 3. d5 e5 4. Nc3 d6 5. e4 g6 6. Bd3 Be7 7. Nge2 O-O 8. O-O
Nh5 9. Bh6 Ng7 10. f4 Nd7 11. Bc2 exf4 12. Nxf4 Ne5 13. Bb3 f5 14. exf5 Bxf5
15. Bxg7 Kxg7 16. Ne6+ Bxe6 17. dxe6 Rxf1+ 18. Kxf1 Qf8+ 19. Kg1 Qf4 20. Nd5
Qg5 21. Qe2 Rf8 22. Rf1 Rxf1+ 23. Qxf1 23... Qf5 {Florina resigns} 1-0

[Event "ICS rated blitz match"]
[Site "204.178.125.65"]
[Date "1999.10.14"]
[Round "?"]
[White "Hossa"]
[Black "Florina"]
[Result "1-0"]
[WhiteElo "2411"]
[BlackElo "2201"]
[PlyCount "53"]
[EventDate "1999.??.??"]

1. e4 d5 2. e5 c5 3. c3 Nc6 4. d4 cxd4 5. cxd4 Qb6 6. Ne2 Bg4 7. f3 Bh5 8. Nbc3
e6 9. Na4 Qc7 10. Nf4 Bg6 11. Nxg6 hxg6 12. Be2 Bb4+ 13. Kf2 Nge7 14. a3 Ba5
15. b4 Nf5 16. bxa5 Nfxd4 17. Bb2 Nxe2 18. Kxe2 Qxa5 19. Rc1 Rh5 20. f4 Qb5+
21. Kf2 O-O-O 22. Rc5 Qa6 23. Qb3 Kb8 24. Rhc1 Ka8 25. Rb5 Na5 26. Qd3 Rxh2 27.
Nc5 {Florina resigns} 1-0

[Event "ICS rated blitz match"]
[Site "204.178.125.65"]
[Date "1999.10.08"]
[Round "?"]
[White "Hossa"]
[Black "Florina"]
[Result "1-0"]
[WhiteElo "2427"]
[BlackElo "2300"]
[PlyCount "57"]
[EventDate "1999.??.??"]

1. e4 d5 2. exd5 c6 3. dxc6 Nxc6 4. Bb5 e5 5. Nc3 Nf6 6. Nf3 Bd6 7. d4 exd4 8.
Nxd4 O-O 9. Nxc6 bxc6 10. Bxc6 Rb8 11. Bb5 Rxb5 12. Nxb5 Qa5+ 13. Nc3 Bb4 14.
O-O Bb7 15. Bd2 Rd8 16. a3 Bd6 17. Kh1 Bf4 18. Bxf4 Rxd1 19. Raxd1 h6 20. Be3
Qh5 21. Rd8+ Kh7 22. f3 g5 23. Bxa7 g4 24. fxg4 Qh3 25. Nd5 Bxd5 26. Rxd5 Qh4
27. Rdf5 Nxg4 28. Rxf7+ Kg6 29. Bg1 {Florina resigns} 1-0

[Event "ICS rated blitz match"]
[Site "204.178.125.65"]
[Date "1999.10.10"]
[Round "?"]
[White "Hossa"]
[Black "Frederico"]
[Result "0-1"]
[WhiteElo "2422"]
[BlackElo "2169"]
[PlyCount "114"]
[EventDate "1999.??.??"]

1. e4 e6 2. d4 d5 3. Nc3 Nf6 4. e5 Nfd7 5. f4 c5 6. Nf3 Nc6 7. Bb5 Qb6 8. Bxc6
bxc6 9. Kf2 cxd4 10. Nxd4 c5 11. Nf3 Be7 12. Na4 Qa5 13. c4 d4 14. Bd2 Qc7 15.
Rc1 a5 16. Qb3 O-O 17. Qa3 Ra7 18. Qd3 Bb7 19. b3 f5 20. Ra1 Be4 21. Qe2 Qc6
22. Ne1 Nb6 23. Nxb6 Qxb6 24. Nf3 Qc6 25. Rad1 Rb8 26. Ne1 a4 27. b4 cxb4 28.
Kg3 b3 29. Bc1 a3 30. Nf3 Bxf3 31. gxf3 b2 32. Bd2 Ra4 33. Qd3 Qxc4 34. Qb1 d3
35. Be3 Rd8 36. Bb6 Qxf4+ 37. Kg2 Qg5+ 38. Kf1 Rb8 39. Bg1 d2 40. h4 Qf4 41.
Kg2 Rc4 42. Ba7 Rd8 43. Bb6 Rd7 44. Kf2 Rc1 45. Kg2 Rxb1 46. Rxb1 Qb4 47. Be3
Bc5 48. Bg1 Bxg1 49. Rhxg1 Qf4 50. h5 Qxe5 51. Kf2 Rd3 52. Rxb2 axb2 53. Kg2
Qe2+ 54. Kh3 Qxf3+ 55. Kh4 h6 56. Rxg7+ Kxg7 57. a4 57... Qg4# {
Hossa checkmated} 0-1

[Event "ICS rated blitz match"]
[Site "204.178.125.65"]
[Date "1999.09.07"]
[Round "?"]
[White "Hossa"]
[Black "Frodon"]
[Result "1-0"]
[WhiteElo "2507"]
[BlackElo "2039"]
[PlyCount "27"]
[EventDate "1999.??.??"]

1. e4 e6 2. d4 d5 3. Nc3 Nf6 4. Bg5 dxe4 5. Nxe4 Be7 6. Nxf6+ gxf6 7. Bf4 b6 8.
Qf3 c6 9. O-O-O Bb7 10. Qg3 f5 11. Bc7 Bh4 12. Qe5 Bf6 13. Bxd8 Bxe5 14. dxe5 {
Frodon resigns} 1-0

[Event "ICS rated blitz match"]
[Site "204.178.125.65"]
[Date "1999.09.02"]
[Round "?"]
[White "Hossa"]
[Black "Frodon"]
[Result "1-0"]
[WhiteElo "2540"]
[BlackElo "2065"]
[PlyCount "55"]
[EventDate "1999.??.??"]

1. e4 e6 2. d4 d5 3. Nc3 Nf6 4. e5 Nfd7 5. f4 c5 6. Nf3 Nc6 7. Bb5 cxd4 8. Nxd4
Qb6 9. Bxc6 bxc6 10. Nce2 a5 11. O-O Ba6 12. Re1 Bc5 13. c3 O-O 14. Kh1 Bxd4
15. cxd4 c5 16. Be3 c4 17. Qa4 Bb5 18. Qa3 Rfb8 19. Qe7 Nf8 20. Rad1 Rb7 21.
Qg5 a4 22. Rb1 Ba6 23. Nc3 Qa5 24. Bd2 Rab8 25. Ne4 c3 26. Bxc3 Qc7 27. Nc5 Rb6
28. Ba5 {Frodon resigns} 1-0

[Event "ICS rated blitz match"]
[Site "204.178.125.65"]
[Date "1999.10.18"]
[Round "?"]
[White "Hossa"]
[Black "GTS-Viper"]
[Result "0-1"]
[WhiteElo "2538"]
[BlackElo "2733"]
[PlyCount "106"]
[EventDate "1999.??.??"]

1. e4 c5 2. Nf3 e6 3. d4 cxd4 4. Nxd4 a6 5. Be2 Nf6 6. Nd2 Qc7 7. O-O Bc5 8.
N4b3 Bd6 9. g3 Nc6 10. f4 Be7 11. e5 Nd5 12. Ne4 O-O 13. c4 Nb6 14. Bd2 Na4 15.
Qc2 b6 16. Bd3 Bb7 17. Rad1 Nb4 18. Bxb4 Bxb4 19. a3 Be7 20. Nd6 Bxd6 21. Bxh7+
Kh8 22. Rxd6 g6 23. Bxg6 fxg6 24. Nd4 b5 25. Qxg6 bxc4 26. b3 cxb3 27. Nxb3 Nc3
28. Qh5+ Kg8 29. Rc1 Rf7 30. Qg6+ Rg7 31. Qd3 Rc8 32. Kf1 Bd5 33. Nd2 Qc5 34.
Rxa6 Bb7 35. Rd6 Qxa3 36. Re1 Bc6 37. Qe3 Qb4 38. Rd4 Qf8 39. Kg1 Bb5 40. Qf3
Qc5 41. Qf2 Ne2+ 42. Rxe2 Bxe2 43. h3 Qb5 44. Kh2 Rc2 45. Qg2 Qa6 46. Qe4 Qa3
47. g4 Bf1 48. Kg1 Qg3+ 49. Kh1 Qxh3+ 50. Kg1 Rxg4+ 51. Kf2 Qh2+ 52. Qg2 Qxg2+
53. Ke3 53... Qe2# {Hossa checkmated} 0-1

[Event "ICS rated blitz match"]
[Site "204.178.125.65"]
[Date "1999.09.07"]
[Round "?"]
[White "Hossa"]
[Black "GTS-Viper"]
[Result "0-1"]
[WhiteElo "2482"]
[BlackElo "2422"]
[PlyCount "89"]
[EventDate "1999.??.??"]

1. d4 d5 2. c4 c6 3. Nf3 Nf6 4. Nc3 dxc4 5. e4 b5 6. Ne5 e6 7. Bg5 Be7 8. Be2
O-O 9. Bf3 Nxe4 10. Bxe4 Bxg5 11. Nxb5 Ba6 12. Nc3 Qb6 13. Rb1 f5 14. Bc2 Rd8
15. Qe2 Rd6 16. Nf3 Qd8 17. Bxf5 exf5 18. Nxg5 Nd7 19. Nf3 c5 20. O-O cxd4 21.
Nxd4 Rxd4 22. Qe6+ Kh8 23. Qxa6 Qb6 24. Qa4 Qg6 25. Rbe1 f4 26. f3 Nb6 27. Qb4
Rd2 28. Re2 Rxe2 29. Nxe2 Qe6 30. Rf2 Rd8 31. Nc3 Qe3 32. Qa3 Kg8 33. Qxa7 Rd2
34. Qb8+ Kf7 35. Qb7+ Kf8 36. Qb8+ Ke7 37. Qc7+ Ke8 38. Qb8+ Kd7 39. Qd6+ Rxd6
40. g3 Rd2 41. Ne4 Rxb2 42. Kg2 Rxf2+ 43. Nxf2 c3 44. h4 c2 45. a4 {
Hossa resigns} 0-1

[Event "ICS rated blitz match"]
[Site "204.178.125.65"]
[Date "1999.10.03"]
[Round "?"]
[White "Hossa"]
[Black "GTS-Viper"]
[Result "0-1"]
[WhiteElo "2425"]
[BlackElo "2714"]
[PlyCount "90"]
[EventDate "1999.??.??"]

1. d4 d5 2. c4 e6 3. Nc3 c5 4. cxd5 exd5 5. Nf3 Nc6 6. dxc5 d4 7. Ne4 Bf5 8.
Nfg5 Qd7 9. Qd3 f6 10. Nf3 Qd5 11. Nfd2 Bxc5 12. Qg3 Bf8 13. Qf3 Nb4 14. Kd1
Rc8 15. a3 Nc2 16. Nd6+ Qxd6 17. Qxf5 Rc5 18. Qe4+ Ne7 19. b4 Rc3 20. Ra2 Qd7
21. Rxc2 f5 22. Qf4 Qa4 23. Nb3 Qxb3 24. Qd2 a5 25. bxa5 Nd5 26. Bb2 Bxa3 27.
Bxa3 Qxa3 28. Rxc3 Nxc3+ 29. Kc2 Qa4+ 30. Kd3 Ne4 31. Qc2 Nxf2+ 32. Kd2 Qxa5+
33. Kc1 Ke7 34. e4 dxe3 35. Kb1 Ra8 36. Qb2 Qe1+ 37. Kc2 Qd1+ 38. Kc3 Ne4+ 39.
Kc4 Ra4+ 40. Qb4+ Ke6 41. Qxa4 Qxa4+ 42. Kd3 Qb3+ 43. Ke2 Qc2+ 44. Kxe3 Qd2+
45. Kf3 45... Qf2# {Hossa checkmated} 0-1

[Event "ICS rated blitz match"]
[Site "204.178.125.65"]
[Date "1999.10.18"]
[Round "?"]
[White "Hossa"]
[Black "GTS-Viper"]
[Result "0-1"]
[WhiteElo "2541"]
[BlackElo "2706"]
[PlyCount "117"]
[EventDate "1999.??.??"]

1. e4 c5 2. Nf3 e6 3. d4 cxd4 4. Nxd4 a6 5. Bd3 Bc5 6. Nb3 Ba7 7. O-O Nc6 8.
Qg4 Qf6 9. Nc3 Ne5 10. Qh5 h6 11. Qd1 Ne7 12. Be2 O-O 13. Be3 Bxe3 14. fxe3 Qg5
15. Qd6 Qxe3+ 16. Kh1 N7g6 17. Nd4 f6 18. Rad1 Nf7 19. Qb4 Nge5 20. Qb3 b5 21.
Rfe1 Qg5 22. a4 bxa4 23. Nxa4 Qh4 24. Nc3 a5 25. Kg1 Qg5 26. Rf1 Qe3+ 27. Kh1
Rd8 28. Bh5 Ba6 29. Bxf7+ Nxf7 30. Rf3 Qg5 31. Qa4 Ne5 32. Rg3 Ng4 33. Kg1 h5
34. Qa3 h4 35. Rxg4 Qxg4 36. h3 Qg6 37. Qe7 Qf7 38. Qd6 Bb7 39. Rd2 Qh5 40. Qe7
Qe5 41. Nf3 Qc7 42. Qd6 Qxd6 43. Rxd6 Rab8 44. Nd4 Ba8 45. b3 Rdc8 46. Nde2 Rb4
47. Rxd7 Bxe4 48. Rd2 Bf5 49. Na2 Rb6 50. Nd4 Rd6 51. b4 Rxd4 52. Rxd4 Rxc2 53.
Nc3 Rxc3 54. bxa5 Ra3 55. Rd8+ Kf7 56. Rd4 g5 57. Rd7+ Kg6 58. Ra7 Be4 59. Rd7
{Hossa resigns} 0-1

[Event "ICS rated blitz match"]
[Site "204.178.125.65"]
[Date "1999.10.18"]
[Round "?"]
[White "Hossa"]
[Black "GTS-Viper"]
[Result "0-1"]
[WhiteElo "2522"]
[BlackElo "2721"]
[PlyCount "109"]
[EventDate "1999.??.??"]

1. e4 c5 2. Nf3 e6 3. d4 cxd4 4. Nxd4 Nf6 5. Nc3 d6 6. g4 e5 7. Bb5+ Bd7 8.
Bxd7+ Qxd7 9. Nf5 g6 10. Ne3 Nc6 11. Ncd5 Nxd5 12. Nxd5 O-O-O 13. Be3 Kb8 14.
Bg5 Rc8 15. Bf6 Rg8 16. f3 h5 17. h3 Bg7 18. Rc1 hxg4 19. Bxg7 Rxg7 20. hxg4 f5
21. Nf6 Qe6 22. Nd5 fxe4 23. fxe4 Rf7 24. c3 Ne7 25. Nxe7 Qxe7 26. Qe2 Qe6 27.
c4 Rf4 28. Rg1 Qd7 29. Rg3 Rcf8 30. Rcc3 Qc6 31. Rce3 Qb6 32. a3 Qd4 33. Rgf3
Rh8 34. Rxf4 exf4 35. Rf3 g5 36. a4 Re8 37. Rd3 Qxc4 38. Kf2 Rxe4 39. Qd2 Qc5+
40. Kf1 Rxa4 41. Rxd6 Ra1+ 42. Ke2 f3+ 43. Kxf3 Rf1+ 44. Kg3 Qg1+ 45. Qg2 Qe3+
46. Kh2 Qf4+ 47. Qg3 Rf2+ 48. Kh3 Rf3 49. Qxf3 Qxf3+ 50. Kh2 Qf2+ 51. Kh1 Qh4+
52. Kg2 Qxg4+ 53. Kh2 Qf4+ 54. Kh3 Qxd6 55. Kg4 {Hossa resigns} 0-1

[Event "ICS rated blitz match"]
[Site "204.178.125.65"]
[Date "1999.09.29"]
[Round "?"]
[White "Hossa"]
[Black "Galaad"]
[Result "1-0"]
[WhiteElo "2478"]
[BlackElo "2020"]
[Annotator "Fritz 5.32 (22s)"]
[PlyCount "165"]
[EventDate "1999.??.??"]

1. e4 c6 2. d4 d5 3. e5 c5 4. dxc5 e6 5. Be3 Nd7 6. Bb5 6... Qc7 {Alles auf c5!
} 7. Nf3 Bxc5 8. Bxc5 Qxc5 9. Nc3 Ne7 10. O-O 10... Nc6 $146 (10... Ng6 11. Re1
a6 12. Bd3 Qc7 13. Ng5 Nc5 14. Bxg6 hxg6 15. g3 Qe7 16. h4 O-O 17. f4 Nd7 18.
h5 Qc5+ 19. Kg2 {1-0 Apicella,M-Demolin,X/Bethune 1997/EXT 99 (19)}) (10... a6
11. Bd3 h6 12. Re1 Nc6 13. Qd2 g5 14. h3 Rg8 15. a3 Qf8 16. g4 h5 17. Qe3 Qh6
18. Bf1 hxg4 19. hxg4 b6 20. Bg2 Bb7 21. Na4 Rh8 22. Nxb6 Ncxe5 23. Nxd7 Nxd7
24. Rad1 Rc8 25. Qa7 Rc7 26. Rd3 {
- Kindermann,S-Kortschnoj,V/Ptuj 1995/CBM 47 (26)}) (10... O-O 11. Re1 Ng6 12.
Bd3 a6 13. Ng5 Qe7 14. Qh5 h6 15. Nh3 d4 16. Nd1 Qc5 17. f4 Nf6 18. Qf3 Nd5 19.
Ndf2 Bd7 20. Ne4 Qb6 21. Qg3 Be8 22. a3 Rd8 23. Kh1 Ne3 24. Nhf2 Nf5 25. Qf3 {
Lutz,C-Campora,D/Biel 1996/CBM 55/ - (52)}) 11. Bxc6 11... bxc6 {
Verwehrt dem Gegner b5} 12. Qd2 O-O 13. b3 a5 14. Rfe1 Ba6 15. Rad1 Qe7 16. Qg5
{Der Springer plant Sd2-g5-e4-d6} (16. Na4 16... c5 $11) 16... Qxg5 17. Nxg5 c5
18. f4 h6 (18... Ra7 19. Kf2 $11) 19. Nge4 Rfc8 20. a3 $15 (20. Nd6 $5 20...
Rc6 21. a4 $11) 20... Nf8 $11 (20... c4 21. Na4 $15) 21. Nd6 {
Hier steht der weisse Springer gut} 21... Rd8 22. Na4 Nd7 23. Rd2 Rab8 24. g4
Bb7 (24... Kf8 25. h4 $11) 25. Kf2 Bc6 26. Nc3 Nb6 (26... g5 27. fxg5 hxg5 28.
a4 $11) 27. h4 (27. Ncb5 Bxb5 28. Nxb5 28... Nd7 $14) 27... Nc8 (27... f6 28.
Ncb5 fxe5 29. Na7 Rxd6 30. fxe5 $15) 28. Nde4 Ne7 (28... h5 29. gxh5 c4 30.
bxc4 $18) 29. Nxc5 Rdc8 30. Rb1 Be8 31. N3a4 Bxa4 32. Nxa4 Rc7 33. c3 Rbc8 34.
Rd3 34... Nc6 $18 (34... Kf8 35. b4 $16) 35. b4 axb4 36. axb4 $16 (36. cxb4
36... Kf8 $18) 36... Na7 $18 (36... Kf8 37. Nc5 $16) 37. Nc5 $16 (37. b5 Rb8
38. b6 38... Nc8 $18) 37... Nb5 $18 (37... Kf8 38. Ra1 $16) 38. Ra1 Na7 39. Kg3
Nc6 40. Ra4 Nd8 41. Kf3 Nb7 42. Nxb7 Rxb7 43. Ke3 Rc4 44. Ra8+ Kh7 45. Kf3
45... Kg6 $18 (45... Rbc7 $5 $16) 46. Rh8 {Droht Matt} 46... f6 47. h5+ Kf7 48.
Ra8 $14 (48. exf6 Kxf6 49. Rf8+ 49... Rf7 $16) 48... Rbc7 49. Ra3 49... Rb7 $16
(49... fxe5 $5 50. fxe5 50... g5 $14) 50. exf6 {Weiss ergreift die Initiative}
50... gxf6 51. Kg3 Rbc7 52. Rf3 (52. f5 52... Re7 $16) 52... Rb7 (52... d4 53.
cxd4 Rxb4 54. Rfd3 $16) 53. g5 53... hxg5 $18 (53... fxg5 54. fxg5+ Kg7 55. Ra6
hxg5 56. Rxe6 $18) 54. fxg5 f5 55. Rf4 55... Rxf4 $2 (55... d4 $18 $142) 56.
Kxf4 Rc7 (56... Rd7 {hilft allerdings auch nicht} 57. Ke5 $18) 57. Ke5 Ke7 (
57... d4 {die letzte Gegenchance} 58. g6+ Kg7 59. cxd4 59... Kh6 $18) 58. Ra6 (
58. g6 $142 {und Weiss gewinnt} 58... Rc8 $18) 58... Kf7 59. Rxe6 Kg7 (59...
Rxc3 60. g6+ (60. Kxd5 $143 60... Rd3+ 61. Kc4 Rh3 62. Rf6+ 62... Ke7 $18) (60.
Kxf5 $143 60... Rf3+ 61. Kg4 61... Rf1 $18) 60... Kg7 61. Re7+ (61. Kxd5 $143
61... Kh6 $18) (61. Kxf5 $143 61... Rf3+ 62. Kg4 62... Rc3 $18) 61... Kf8 62.
Rf7+ Ke8 63. h6 Re3+ 64. Kd6 Ra3 65. b5 Rg3 66. Re7+ Kd8 67. Rg7 Kc8 68. h7
Rxg6+ 69. Rxg6 Kb7 70. Kc5 Kc8 71. Rg7 f4 72. h8=Q#) 60. Kxf5 Rxc3 (60... d4 {
holt die Kuh nicht vom Eis} 61. h6+ Kh7 62. cxd4 Rf7+ 63. Ke5 $18) 61. Ke5 {
Weiss bereitet g6 vor} (61. h6+ $142 {und Schwarz kann direkt aufgeben} 61...
Kg8 62. g6 Kf8 63. g7+ Kf7 64. Rf6+ 64... Ke7 $18) 61... Re3+ 62. Kxd5 {
Droht Matt} 62... Rg3 63. h6+ Kh7 64. g6+ (64. Re7+ $142 {
waere im Gewinnsinne praeziser} 64... Kh8 65. Re5 65... Kg8 $18) 64... Kxh6 65.
g7+ (65. b5 $5 {laesst dem Gegner kaum Chancen} 65... Kg7 $18) 65... Kxg7 66.
b5 Rd3+ 67. Kc6 Rc3+ 68. Kd7 Rb3 69. b6 Rd3+ 70. Rd6 {Droht Matt: Rxd3} 70...
Rb3 71. Kc8 Rc3+ 72. Kb8 Rb3 73. b7 Rb2 74. Kc7 Rc2+ 75. Rc6 {Es droht Matt}
75... Rb2 76. Kc8 Rxb7 (76... Rb1 77. b8=Q Rxb8+ 78. Kxb8 Kf8 79. Kc7 Ke8 80.
Kd6 Kf7 81. Kd7 Kf8 82. Ke6 Kg7 83. Ke7 Kg8 84. Kf6 Kh7 85. Rc8 Kh6 86. Rh8#)
77. Kxb7 {Mit der Mattdrohung Kc8} 77... Kf7 (77... Kh7 {
macht keinen grossen Unterschied} 78. Kc7 Kg8 79. Kd7 Kf7 80. Rd6 Kg7 81. Ke7
Kg8 82. Kf6 Kh7 83. Rd8 Kh6 84. Rh8#) 78. Kc7 Ke7 79. Rd6 Kf7 (79... Ke8 {
aendert nichts am Ausgang der Partie} 80. Re6+ Kf7 81. Kd7 Kg8 82. Re7 Kh8 83.
Ke6 Kg8 84. Rf7 Kh8 85. Kf6 Kg8 86. Kg6 Kh8 87. Rf8#) 80. Kd7 (80. Kd8 Kg7 81.
Ke7 Kg8 82. Kf6 Kh7 83. Rd8 Kh6 84. Rh8#) 80... Kg7 81. Ke7 Kh7 (81... Kg8 {
hilft auch nicht mehr} 82. Kf6 Kh7 83. Rd8 Kh6 84. Rh8#) 82. Kf7 Kh8 83. Rh6#
1-0

[Event "ICS rated blitz match"]
[Site "204.178.125.65"]
[Date "1999.09.30"]
[Round "?"]
[White "Hossa"]
[Black "Gangster"]
[Result "1-0"]
[WhiteElo "2487"]
[BlackElo "2059"]
[Annotator "Fritz 5.32 (20s)"]
[PlyCount "75"]
[EventDate "1999.??.??"]

1. d4 Nf6 2. c4 e6 3. Nf3 c5 4. Bg5 cxd4 5. Nxd4 Nc6 6. Nc3 Bb4 7. Ndb5 a6 8.
Nd6+ Ke7 9. Nde4 $146 (9. Nxc8+ Rxc8 10. Rc1 d5 11. cxd5 Qxd5 12. Qxd5 exd5 13.
e3 d4 14. exd4 Nxd4 15. Bd3 Rhd8 16. O-O Bxc3 17. Rxc3 Rxc3 18. bxc3 Ne6 19.
Bxf6+ Kxf6 20. Bc4 Rd2 21. Rc1 Nc5 22. Kf1 b5 23. Bb3 23... Rb2 {
Rojo Huerta,G-Izeta Txabarri,F/Madrid 1992/TD/ - (58)}) 9... Qa5 $14 (9... d5
10. cxd5 exd5 11. Nxf6 gxf6 12. Bd2 $11) 10. Bxf6+ 10... gxf6 {Ueberdeckt g5}
11. a3 Bxc3+ 12. Nxc3 ({Weniger gut ist} 12. bxc3 12... d5 13. cxd5 13... exd5
$15) 12... b5 13. e4 (13. b4 Qc7 14. cxb5 14... axb5 $14) 13... b4 14. axb4
Qxb4 15. Rb1 Rg8 16. Qh5 (16. f4 16... Rb8 $11) 16... Bb7 17. Qh6 $15 (17. Qe2
17... Rab8 $11) 17... Rg5 $11 (17... Na5 18. Qd2 (18. Qxh7 $4 {
der Bauer ist nicht zu nehmen} 18... Rh8 (18... Nxc4 $6 {bringt nichts} 19.
Bxc4 Rh8 20. Qg7 $19) 19. Qg7 Rag8 (19... Nxc4 $6 {ist minderwertig} 20. Bxc4
Rag8 21. Qxh8 Rxh8 22. Bd3 $19) 20. Qxh8 20... Rxh8 $19) 18... Ke8 19. Rd1 $11)
18. Qxh7 18... Ne5 $4 $18 {wirft den Vorteil weg} (18... Na5 $142 {
ist gerade noch spielbar} 19. f3 19... Rc8 $11) 19. f4 Rg4 20. fxe5 Bxe4 (20...
Rxe4+ $142 21. Be2 21... Rxe5 $18) 21. exf6+ Kd8 22. Qh5 Bxb1 23. Qxg4 Qxb2 24.
Qg8+ Kc7 25. Qxa8 $4 $11 {und raufte sich die Haare} (25. Qg3+ $142 {
sichert den Gewinn} 25... d6 26. Qe3 $18) 25... Qxc3+ 26. Kf2 26... Qxf6+ $4
$18 {danach wendet sich das Blatt} (26... Qd4+ $142 {war noch moeglich} 27. Kf3
Qxf6+ 28. Ke2 Qb2+ 29. Ke1 Qc3+ 30. Kf2 Qd4+ 31. Kg3 Qg7+ 32. Kh4 Qh6+ 33. Kg4
Qg6+ 34. Kf4 Qh6+ 35. Kg3 Qg7+ 36. Kf4 Qh6+ 37. Kg3 37... Qg7+ $11) 27. Qf3
Qb2+ (27... Qd4+ {macht keinen grossen Unterschied} 28. Qe3 Qxe3+ 29. Kxe3 $18)
28. Be2 f5 (28... Bc2 {nuetzt auch nichts mehr} 29. Qf4+ e5 30. Qxf7 Qd4+ 31.
Kg3 Qe3+ 32. Qf3 Qg5+ 33. Kf2 Qh4+ 34. g3 Qd4+ 35. Qe3 Qxe3+ 36. Kxe3 $18) 29.
Qf4+ e5 30. Qe3 (30. Rxb1 {und Weiss haette es noch leichter} 30... Qxb1 (30...
exf4 $4 {zu gefraessig} 31. Rxb2 d5 32. cxd5 $18) 31. Qxe5+ 31... Kd8 $18)
30... f4 (30... Bc2 {waere gleichermassen fruchtlos} 31. Qa7+ Kd8 32. Re1 $18)
31. Qa7+ {Weiss erhaelt entscheidenden Koenigsangriff} 31... Kd8 32. Rd1 {
Es droht Matt} 32... Bf5 33. Qxa6 Bg4 (33... Ke8 $18 {ist der letzte Strohhalm}
) 34. Qa5+ Kc8 (34... Ke7 {holt die Kuh nicht vom Eis} 35. Rd2 Qb8 36. Bxg4 $18
) 35. Rd2 {Droht Matt: Rxb2} 35... Qc1 {Schwarz droht, mit e4 kontern} 36. Bxg4
{Es droht Matt} 36... Qxc4 (36... Qc2 {macht keinen grossen Unterschied} 37.
Bxd7+ Kb7 38. Rxc2 e4 39. Rb2#) 37. Bxd7+ Kb7 (37... Kb8 {
aendert den traurigen Lauf der Dinge nicht} 38. Rb2+ Qb5 39. Rxb5#) 38. Rb2+ (
38. Rb2+ Qb5 39. Rxb5#) 1-0

[Event "ICS rated blitz match"]
[Site "204.178.125.65"]
[Date "1999.09.29"]
[Round "?"]
[White "Hossa"]
[Black "GaryGlitter"]
[Result "0-1"]
[WhiteElo "2469"]
[BlackElo "2461"]
[PlyCount "148"]
[EventDate "1999.??.??"]

1. d4 Nf6 2. c4 g6 3. Nc3 d5 4. Nf3 Bg7 5. cxd5 Nxd5 6. e4 Nxc3 7. bxc3 c5 8.
Bb5+ Nd7 9. O-O O-O 10. Bg5 a6 11. Bd3 b5 12. Qc1 Bb7 13. Bh6 cxd4 14. cxd4 Rc8
15. Qf4 Bxh6 16. Qxh6 Nf6 17. Rfe1 Rc3 18. Rad1 Qa5 19. Bb1 Qc7 20. Ng5 Qc6 21.
f3 e5 22. Kh1 Rd8 23. Nxf7 Kxf7 24. dxe5 Rxd1 25. Rxd1 Ne8 26. Qxh7+ Ng7 27.
Qh6 Kg8 28. Qg5 b4 29. Re1 Qe8 30. Qh6 Rc4 31. Rd1 Ne6 32. h4 Rc7 33. Qe3 Rh7
34. g3 g5 35. Qg1 gxh4 36. gxh4+ Kh8 37. Qg4 Qe7 38. Rd2 Rxh4+ 39. Rh2 Rxh2+
40. Kxh2 Qh7+ 41. Kg3 Bc8 42. Qh4 Qxh4+ 43. Kxh4 a5 44. Kg3 Kg7 45. f4 Nd4 46.
Kf2 Nb5 47. Bd3 Nc3 48. Bc4 Nxe4+ 49. Ke3 Bf5 50. Bd3 Ng3 51. Bxf5 Nxf5+ 52.
Ke4 Ng3+ 53. Ke3 Kg6 54. e6 Kf6 55. e7 Kxe7 56. Kd3 Kd6 57. Ke3 a4 58. Kd2 Ne2
59. Kc2 Nxf4 60. Kb2 Nd3+ 61. Kb1 Kd5 62. Kc2 Kd4 63. Kd1 Kc3 64. Ke2 b3 65. a3
b2 66. Ke3 b1=Q 67. Ke4 Qb7+ 68. Kf5 Qf7+ 69. Kg4 Ne5+ 70. Kg5 Qg8+ 71. Kf5 Kd4
72. Kf6 Qf7+ 73. Kg5 Qg6+ 74. Kf4 74... Qg4# {Hossa checkmated} 0-1

[Event "ICS rated blitz match"]
[Site "204.178.125.65"]
[Date "1999.10.10"]
[Round "?"]
[White "Hossa"]
[Black "GeorgeVidan"]
[Result "1-0"]
[WhiteElo "2539"]
[BlackElo "2264"]
[PlyCount "59"]
[EventDate "1999.??.??"]

1. d4 e6 2. c4 d5 3. Nc3 f5 4. Nf3 c6 5. e3 Nf6 6. Bd3 Bd6 7. O-O O-O 8. Bd2
Nbd7 9. cxd5 cxd5 10. Nb5 Bb8 11. Bb4 Re8 12. Nd6 Bxd6 13. Bxd6 Ne4 14. Bf4
Ndf6 15. Ne5 Bd7 16. f3 Nd6 17. Bg5 Rc8 18. Qb3 b6 19. Rac1 Nf7 20. Bxf6 gxf6
21. Nxd7 Qxd7 22. Bb5 Qd6 23. Bxe8 Rxe8 24. Qa4 Re7 25. Rc8+ Kg7 26. Rfc1 Nd8
27. Qc2 Rd7 28. Rc7 a5 29. Rxd7+ Qxd7 30. Qc7 {GeorgeVidan resigns} 1-0

[Event "ICS rated blitz match"]
[Site "204.178.125.65"]
[Date "1999.10.16"]
[Round "?"]
[White "Hossa"]
[Black "GeorgeVidan"]
[Result "1-0"]
[WhiteElo "2425"]
[BlackElo "2203"]
[PlyCount "65"]
[EventDate "1999.??.??"]

1. e4 a6 2. d4 h6 3. c4 d6 4. Nf3 e6 5. Bd3 g6 6. Nc3 Bg7 7. O-O Ne7 8. Be3 Nd7
9. Qd2 Rb8 10. Ne2 c6 11. Rad1 Ra8 12. b4 Rb8 13. a4 Ra8 14. Rfe1 Rb8 15. Kh1
Ra8 16. a5 Rb8 17. Rf1 Ra8 18. Bb1 Rb8 19. Bf4 Nf8 20. c5 Ra8 21. cxd6 Ng8 22.
Rc1 Bd7 23. Rfd1 Nf6 24. Ne5 Ng8 25. Nxd7 Nxd7 26. e5 Qc8 27. Qe3 Qd8 28. Bg3
Rb8 29. Qe4 Ra8 30. Ba2 Rb8 31. Bxe6 fxe6 32. Qxg6+ Kf8 33. Nf4 {
GeorgeVidan resigns} 1-0

[Event "ICS rated blitz match"]
[Site "204.178.125.65"]
[Date "1999.10.10"]
[Round "?"]
[White "Hossa"]
[Black "GeorgeVidan"]
[Result "1-0"]
[WhiteElo "2527"]
[BlackElo "2276"]
[PlyCount "129"]
[EventDate "1999.??.??"]

1. d4 e6 2. c4 d5 3. Nc3 f5 4. Nf3 Nf6 5. Bg5 Be7 6. e3 O-O 7. Be2 c6 8. O-O
Nbd7 9. cxd5 exd5 10. Rc1 Ne4 11. Bxe7 Qxe7 12. Bd3 Nb6 13. Qe2 Be6 14. Ne5 Nd7
15. f3 Nd6 16. Rfd1 Rae8 17. Qf2 Nf7 18. Nxf7 Rxf7 19. Ne2 g6 20. Nf4 Qd6 21.
Qg3 Qf8 22. Qg5 Qe7 23. Qh6 Qf8 24. Qh4 Qe7 25. Qe1 a6 26. Bxa6 bxa6 27. Rxc6
Rf6 28. Rxa6 Bf7 29. Ra7 Qd6 30. Rc1 Nf8 31. Qf2 Ne6 32. g3 Nxf4 33. gxf4 Qb4
34. Rcc7 Rb8 35. b3 Rbb6 36. Rc8+ Kg7 37. Rac7 Ra6 38. Qe2 Qa3 39. Rc2 Qb4 40.
Qf2 Rfb6 41. h3 Qe7 42. Qe1 Rb7 43. Qe2 Rba7 44. a4 Rb6 45. R8c3 Rab7 46. Rb2
Qa3 47. Qc2 Qa1+ 48. Qb1 Qa3 49. Qc2 Qa1+ 50. Qb1 Qxb1+ 51. Rxb1 Rb4 52. a5 Ra7
53. Rc5 Be8 54. Rxd5 Bb5 55. Rc5 Rxa5 56. Rc3 Ra2 57. Rbc1 Ra7 58. Kf2 h5 59.
Rc7+ Kh6 60. Rxa7 Rxb3 61. Rcc7 Rb2+ 62. Kg3 h4+ 63. Kxh4 g5+ 64. fxg5+ Kg6 65.
Rg7# {GeorgeVidan checkmated} 1-0